000 00208 a2200097 4500
001 42274
100 _aMartell P
245 _aWorld Defence Who's Who
260 _a
_bMac. E Janes
_c
090 _c26243
_d26243
942 _aNUST-CAE
_cM
_c18051
999 _c277347
_d277347